Masalah pertikaian India-Tiongkok. (Record no. 58142)

MARC details
000 -LEADER
fixed length control field 00637cam a22002051 4500
001 - CONTROL NUMBER
control field sa 64003825
003 - CONTROL NUMBER IDENTIFIER
control field DLC
005 - DATE AND TIME OF LATEST TRANSACTION
control field 20260227112020.0
008 - FIXED-LENGTH DATA ELEMENTS--GENERAL INFORMATION
fixed length control field 890403q io b 000 0 ind
010 ## - LIBRARY OF CONGRESS CONTROL NUMBER
LC control number sa 64003825
035 ## - SYSTEM CONTROL NUMBER
System control number (OCoLC)23561621
040 ## - CATALOGING SOURCE
Original cataloging agency DLC
Transcribing agency MiU
Modifying agency DLC
042 ## - AUTHENTICATION CODE
Authentication code premarc
050 00 - LIBRARY OF CONGRESS CALL NUMBER
Classification number DS480.85
Item number .I52
110 1# - MAIN ENTRY--CORPORATE NAME
Corporate name or jurisdiction name as entry element Indonesia.
Subordinate unit Departemen Penerangan
245 10 - TITLE STATEMENT
Title Masalah pertikaian India-Tiongkok.
260 ## - PUBLICATION, DISTRIBUTION, ETC.
Place of publication, distribution, etc. Djakarta,
Name of publisher, distributor, etc. Departemen Penerangan, Direktorat Publisitet & Penerangan Daerah, Bagian Dokumentasi
Date of publication, distribution, etc. [cover 1963]
300 ## - PHYSICAL DESCRIPTION
Extent 94 p.
Other physical details map.
Dimensions 34 cm.
650 #0 - SUBJECT ADDED ENTRY--TOPICAL TERM
Topical term or geographic name entry element Sino-Indian Border Dispute, 1957-

No items available.

Powered by Koha